000 00349nam a2200133Ia 4500
008 151001s9999||||xx |||||||||||||| ||und||
100 _aमुकेश इंदुरेखा
245 _aअग्नी
250 _a1
260 _bबिंदिया प्रकाशन
260 _c2008
300 _a16
365 _b21
999 _c992428
_d992425